Drużyny w Tauron Hokej Lidze w sezonie 2024/2025 - Statystyki

Ogólne statystyki
  • Ten quiz został rozwiązany 35 razy
  • Średni wynik to 7 z 9
Statystyki odpowiedzi
Odpowiedź % Poprawnych
GKS Katowice
96%
GKS Tychy
93%
Unia Oświęcim
93%
Cracovia
82%
Podhale Nowy Targ
79%
Zagłębie Sosnowiec
71%
STS Sanok
68%
JKH GKS Jastrzębie
64%
KH Energa Toruń
57%
Nie znaleziono quizów pasujących do podanych kryteriów
Rozkład punktacji
Procent ludzi z każdym wynikiem
Percentyl według liczby udzielonych odpowiedzi
Twoja historia wyników
Nie rozwiązałeś tego quizu